Large Cities with Fastest & Slowest Growth Rate - Statistics

General Stats
  • This quiz has been taken 151 times
    102 since last reset
  • The average score is 13 of 20
Answer Stats
Country Growth % City % Correct
Japan 0.14% Tokyo
97%
Japan -0.08% Osaka
95%
South Korea 0.17% Seoul
88%
USA 0.24% New York
87%
USA 0.29% Chicago
85%
DR Congo 4.34% Kinshasa
85%
Pakistan 4.13% Lahore
85%
Tanzania 5.65% Dar es Salaam
83%
Angola 4.63% Luanda
83%
USA 0.23% Los Angeles
79%
Japan 0.49% Nagoya
77%
India 4.04% Bengaluru
67%
USA 0.48% Philadelphia
62%
China 3.77% Xi'an
59%
Japan 0.02% Fukuoka
51%
China 3.68% Nanjing
42%
India 4.92% Surat
33%
China 3.90% Zhengzhou
29%
China 5.87% Suzhou
26%
China 0.40% Dongguan
14%
No matching quizzes found
Score Distribution
Percent of People with Each Score
Percentile by Number Answered
Your Score History
You have not taken this quiz since the last reset